000
00340nam a2200133Ia 4500
008
230818s1998 xx 000 0 und d
041
_a
eng
100
_a
Priest/welch
245
_a
Creating stress -free office
260
_b
Gower management work book
_c
1998
300
_a
329p
520
_a
Reference Copy
999
_c
852076
_d
852076
650
_a
Hotel Front office